La ruta de su evasión

Furkejuvvon:
Bibliográfalaš dieđut
Váldodahkki: Oreamuno, Yolanda
Materiálatiipa: Girji
Giella:Undetermined
Almmustuhtton: San José, Costa Rica Editorial Costa Rica 1984
Preanttus:2
Fáttát:
Fáddágilkorat: Lasit fáddágilkoriid
Eai fáddágilkorat, Lasit vuosttaš fáddágilkora!

MARC

LEADER 00000nam a2200000Ia 4500
008 170316s9999 xx 000 0 und d
040 |a cru BVZT 
090 |a 868 O-4ru 
100 |a Oreamuno, Yolanda 
245 |a La ruta de su evasión 
250 |a 2 
260 |a San José, Costa Rica 
260 |b Editorial Costa Rica 
260 |c 1984 
300 |a 413 páginas 
650 |a LITERATURA COSTARRICENSE 
650 |a NOVELA 
999 |c 11380  |d 11380 
942 |c 15 D  |h 868 O-4ru  |2 z